Statistiques concernant Villes de France - Par panorama # 5

Cliquez ici pour prendre le quiz!

Statistiques générales

  • Ce quiz a été pris 34 fois
  • Le résultat moyen est 5 sur 20

Statistiques - réponses

Réponse% Correct
Marseille
84%
Carcassonne
50%
Strasbourg
44%
Avignon
41%
Saint-Malo
38%
Nanterre
34%
Reims
31%
Sète
31%
Bourges
22%
Le Mans
22%
Limoges
19%
Saint-Denis de la Réunion
19%
Créteil
13%
Périgueux
13%
Vannes
13%
Belfort
9%
Corte
9%
Cahors
3%
Melun
0%
Muret
0%

Distribution des résultats

Percentile par nombre de réponses

% des personnes avec chaque résultat

Votre développement - résultats

Vous n’avez pas pris ce quiz